Step up 1

Gespeichert in:
Bibliographische Detailangaben
1. Verfasser: Williams, Rebecca
Format: Buch
Sprache:Englisch
Erschienen: Madrid : Santillana Educación, 2004
Katalog:MANES:  Suchergebnis im Bibliothekskatalog
Schulbuchspezifische Eigenschaften:
Tags: Tag hinzufügen
Keine Tags, Fügen Sie den ersten Tag hinzu!
Hinzugefügt zu:29.11.1999
Geändert in:07.05.2025

MARC

LEADER 00000cam a2200000 i 4500
005 20250507134549.0
008 000000s2004 espa fp 000 0 eng d
020 |a 8466802533 (student's book)  |a 8466804293 (practice book) 
040 |a uned  |b spa  |c entro-manes 
100 1 |a Williams, Rebecca  |9 40263 
245 1 0 |a Step up 1 /   |c Rebecca Williams 
260 |a Madrid :   |b Santillana Educación,   |c 2004 
300 |a 2 v. 
505 0 |a Contiene:   |g V. 1.   |t Student's book --   |g V. 2.   |t Practice book 
546 |a España 
561 |5 es-BUNED  |3 L.T.M. 1332  |a España. Fondo Manes UNED  |k MANES 
690 0 |a LE 
691 0 |a PRI 
942 |2 ddc  |c BK 
999 |c 97409  |d 97409 
999 |c manes:97409  |d 97409